Aproximación a una bibliografía de la pintura española / (Record no. 70014)

MARC details
000 -LEADER
campo de control de longitud fija 00736nam a2200217 i 4500
001 - NÚMERO DE CONTROL
campo de control 70014
003 - IDENTIFICADOR DE NÚMERO DE CONTROL
campo de control ES-MaACL
005 - FECHA Y HORA DE LA ÚLTIMA TRANSACCIÓN
campo de control 20230906170707.0
007 - CAMPO FIJO DE DESCRIPCIÓN FÍSICA--INFORMACIÓN GENERAL
campo de control de longitud fija t|
008 - DATOS DE LONGITUD FIJA--INFORMACIÓN GENERAL
campo de control de longitud fija 040715s1978 sp b |||| | spa d
080 ## - NÚMERO DE LA CLASIFICACIÓN DECIMAL UNIVERSAL
Número de la Clasificación Decimal Universal 016:75(46)
100 1# - ENTRADA PRINCIPAL--NOMBRE DE PERSONA
Nombre de persona García Melero, José Enrique.
9 (RLIN) 54931
245 10 - MENCIÓN DEL TÍTULO
Título Aproximación a una bibliografía de la pintura española /
Mención de responsabilidad, etc. José Enrique García Melero.
246 34 - FORMA VARIANTE DEL TITULO
Título propio/Titulo breve Bibliografía de la pintura española
260 ## - PUBLICACIÓN, DISTRIBUCIÓN, ETC.
Lugar de publicación, distribución, etc. Madrid :
Nombre del editor, distribuidor, etc. Fundación Universitaria Española,
Fecha de publicación, distribución, etc. 1978.
300 ## - DESCRIPCIÓN FÍSICA
Extensión CCXXVII, 942 p. ;
Dimensiones 24 cm.
500 ## - NOTA GENERAL
Nota general Índices.
650 #4 - PUNTO DE ACCESO ADICIONAL DE MATERIA--TÉRMINO DE MATERIA
Término de materia o nombre geográfico como elemento de entrada Pintura española-
Subdivisión de forma Bibliografías.
9 (RLIN) 158811
710 2# - ENTRADA AGREGADA--NOMBRE DE ENTIDAD CORPORATIVA
Nombre de entidad corporativa o nombre de jurisdicción como elemento de entrada Fundación Universitaria Española.
9 (RLIN) 4426
852 ## - LOCALIZACIÓN
Ubicación ES-MaACL
Número de control de estantería L-6896
Sublocalización o colección R.107040
Holdings
Estatus retirado Estado de pérdida Estado de daño No para préstamo Biblioteca de origen Biblioteca actual Ubicación en estantería Fecha de adquisición Fuente de adquisición Total de préstamos Signatura topográfica completa Código de barras Visto por última vez Precio de reemplazo Tipo de ítem Koha
        Biblioteca del Ateneo de Madrid Biblioteca del Ateneo de Madrid Depósito 2 17/01/2008     L-6896 1073316 23/02/2023 23/02/2023 Libro impreso